[Event "VII Festival B"]
[Site "Amantea ITA"]
[Date "2009.09.01"]
[Round "2"]
[White "Zampaglione, Francesco"]
[Black "Ceravolo, Alberto"]
[Result "0-1"]
[WhiteElo "1437"]
[BlackElo "1628"]
[PlyCount "52"]
[EventDate "2009.08.31"]

1. d4 d5 2. e3 Nf6 3. Nf3 Bf5 4. Ne5 c6 5. g4 Bc8 6. g5 Nfd7 7. f4 Nxe5 8. fxe5
Bf5 9. c4 e6 10. cxd5 exd5 11. h4 Be7 12. Bd3 Qd7 13. Rf1 Bxd3 14. Qxd3 Qg4 15.
Rf4 Qg1+ 16. Kd2 Qh2+ 17. Qe2 Qxe2+ 18. Kxe2 h6 19. e4 hxg5 20. Rg4 Rxh4 21.
Rxh4 gxh4 22. exd5 cxd5 23. Nc3 Nc6 24. Be3 Rd8 25. Rg1 g6 26. Bh6 Nxd4+ 0-1

[Event "VII Festival B"]
[Site "Amantea ITA"]
[Date "2009.09.02"]
[Round "3"]
[White "Battaglia, Domenica"]
[Black "Vocaturo, Riccardo"]
[Result "0-1"]
[WhiteElo "1512"]
[BlackElo "1641"]
[PlyCount "94"]
[EventDate "2009.08.31"]

1. e4 e6 2. d4 d5 3. e5 c5 4. Nf3 cxd4 5. Nxd4 Nc6 6. Bb5 Qc7 7. Bxc6+ bxc6 8.
Nf3 Ba6 9. Nc3 Ne7 10. Bf4 Ng6 11. Bg3 Qb6 12. Rb1 Be7 13. Ne2 O-O 14. O-O f6
15. Qd2 fxe5 16. Nxe5 Nxe5 17. Bxe5 Bf6 18. Bxf6 Rxf6 19. b3 Raf8 20. Qe1 e5
21. Rc1 e4 22. c3 c5 23. Rd1 d4 24. c4 e3 25. f3 Rd6 26. Ng3 Bb7 27. Qe2 g6 28.
Ne4 Bxe4 29. fxe4 Rdf6 30. Rxf6 Qxf6 31. Rf1 Qxf1+ 32. Qxf1 Rxf1+ 33. Kxf1 Kf7
34. Ke2 Ke6 35. Kd3 Ke5 36. g3 g5 37. h3 h5 38. a3 a5 39. a4 e2 40. Kxe2 Kxe4
41. b4 cxb4 42. c5 Kd5 43. Kd3 Kxc5 44. Kc2 Kc4 45. Kb2 d3 46. Kc1 Kc3 47. h4
g4 0-1

[Event "VII Festival B"]
[Site "Amantea ITA"]
[Date "2009.09.02"]
[Round "3"]
[White "Caporale, Giuseppe Guido"]
[Black "Sigmund, Ingenuin"]
[Result "1-0"]
[WhiteElo "1824"]
[BlackElo "1825"]
[PlyCount "97"]
[EventDate "2009.08.31"]

1. Nf3 d5 2. c4 d4 3. e3 c5 4. b4 dxe3 5. fxe3 e6 6. bxc5 Bxc5 7. d4 Bb4+ 8.
Bd2 Qa5 9. Bd3 Nf6 10. O-O Bxd2 11. Nbxd2 O-O 12. Qc2 Nc6 13. Ne4 Nxe4 14. Bxe4
g6 15. Qf2 Qc7 16. Qh4 f6 17. Qf2 Qe7 18. c5 Bd7 19. Rfc1 Rab8 20. Rab1 g5 21.
Bc2 b6 22. cxb6 Rxb6 23. Rxb6 axb6 24. Bb1 Rc8 25. h3 Kg7 26. Rf1 h5 27. Nh2
Nb4 28. e4 Bb5 29. Rd1 Ba4 30. Re1 Qc7 31. a3 Nc6 32. Rf1 Qe7 33. Qe3 Na5 34.
e5 f5 35. Qe2 Kh6 36. Nf3 Bb3 37. Bd3 Qxa3 38. Nxg5 Rc1 39. Qe3 Rxf1+ 40. Bxf1
Kg6 41. Qg3 Qe7 42. Nxe6+ Kh7 43. Nf4 Bf7 44. Bd3 Kh6 45. h4 Qd8 46. d5 Qg8 47.
Qe3 Bg6 48. Nxg6+ Kxg6 49. Qg5+ 1-0

[Event "VII Festival B"]
[Site "Amantea ITA"]
[Date "2009.09.02"]
[Round "3"]
[White "Cerasoli, Mauro"]
[Black "Rizzuti, Pasquale"]
[Result "1-0"]
[WhiteElo "1711"]
[BlackElo "1826"]
[PlyCount "71"]
[EventDate "2009.08.31"]

1. d4 Nf6 2. c4 g6 3. Nc3 c5 4. d5 d6 5. e4 Bg7 6. f4 Bg4 7. Be2 h5 8. h3 Bd7
9. e5 Nh7 10. Nf3 Bf5 11. O-O Nd7 12. Nh4 Bxh3 13. gxh3 dxe5 14. fxe5 Nxe5 15.
Be3 Nf6 16. Qa4+ Kf8 17. Bxc5 Qc8 18. Qa3 Qxh3 19. Bxe7+ Kg8 20. Bxf6 Bxf6 21.
Rxf6 Qxh4 22. Qe7 Qg3+ 23. Kf1 Kg7 24. Rf2 Qh3+ 25. Ke1 Rae8 26. Qf6+ Kh6 27.
Kd2 Kh7 28. Re1 Rhf8 29. Bf1 Qg3 30. Qf4 h4 31. Ne4 Qg1 32. Nf6+ Kg7 33. Nxe8+
Rxe8 34. Rxe5 Rxe5 35. Qxe5+ Kf8 36. Qf6 1-0

[Event "VII Festival B"]
[Site "Amantea ITA"]
[Date "2009.09.02"]
[Round "3"]
[White "Daniac, Federico"]
[Black "Carbone, Stefano"]
[Result "0-1"]
[WhiteElo "1596"]
[BlackElo "1695"]
[PlyCount "72"]
[EventDate "2009.08.31"]

1. e4 g6 2. d4 Bg7 3. Nc3 d6 4. g3 Nc6 5. Nf3 Bg4 6. d5 Nd4 7. Bg2 e5 8. O-O c5
9. h3 Nxf3+ 10. Bxf3 Bxh3 11. Bg2 Bxg2 12. Kxg2 Nf6 13. Rh1 O-O 14. Bh6 Bxh6
15. Rxh6 Kg7 16. Rh4 h5 17. f3 Rh8 18. Qe2 a6 19. Rf1 Qe7 20. Nd1 b5 21. f4
Raf8 22. fxe5 Qxe5 23. c4 b4 24. Rhf4 Nd7 25. Qf3 Qe7 26. a3 a5 27. axb4 axb4
28. b3 Ne5 29. Qe2 Ra8 30. Qb2 Rhf8 31. Qc2 Ra3 32. Kg1 Qa7 33. Nb2 Ra2 34. Qb1
Qa3 35. Na4 Nxc4 36. bxc4 Qxg3+ 0-1

[Event "VII Festival B"]
[Site "Amantea ITA"]
[Date "2009.09.02"]
[Round "3"]
[White "De Rasis, Giovanni"]
[Black "Vacchiano, Salvatore"]
[Result "1-0"]
[WhiteElo "1873"]
[BlackElo "1539"]
[PlyCount "61"]
[EventDate "2009.08.31"]

1. d4 Nf6 2. c4 g6 3. Nc3 Bg7 4. e4 d6 5. Be2 O-O 6. f4 c5 7. d5 e6 8. Nf3 exd5
9. cxd5 a6 10. e5 dxe5 11. fxe5 Ng4 12. Bg5 Qb6 13. O-O c4+ 14. Kh1 Nf2+ 15.
Rxf2 Qxf2 16. Ne4 Qb6 17. Be7 Re8 18. Nd6 Rxe7 19. Nxc8 Qd8 20. Nxe7+ Qxe7 21.
Qd4 b5 22. a4 bxa4 23. d6 Qd7 24. Bxc4 Nc6 25. Qd5 Re8 26. Re1 Nb4 27. Qxf7+
Qxf7 28. Bxf7+ Kxf7 29. e6+ Kf8 30. d7 Bxb2 31. e7+ 1-0

[Event "VII Festival B"]
[Site "Amantea ITA"]
[Date "2009.09.02"]
[Round "3"]
[White "Denozza, Mauro"]
[Black "Carlomagno, Vincenzo"]
[Result "0-1"]
[WhiteElo "1635"]
[BlackElo "1488"]
[PlyCount "140"]
[EventDate "2009.08.31"]

1. d4 Nf6 2. Nf3 e6 3. e3 b6 4. Bd3 Bb7 5. Nbd2 c5 6. c3 Nc6 7. O-O d5 8. a3
Bd6 9. e4 Be7 10. e5 Nd7 11. Re1 a6 12. Nf1 b5 13. Be3 c4 14. Bc2 Nb6 15. Qd2
h6 16. Ng3 Qc7 17. Nh5 Bf8 18. Nh4 O-O-O 19. b4 cxb3 20. Bxb3 Na5 21. Ba2 Nac4
22. Bxc4 Nxc4 23. Qd3 Qe7 24. Nf3 Nxa3 25. Rec1 Kb8 26. Nd2 Nc4 27. Nb3 Qc7 28.
Nc5 Bxc5 29. dxc5 g6 30. Nf6 Nxe5 31. Qd4 Nc6 32. Qd2 Qe7 33. Ng4 g5 34. Nxh6
f6 35. Ng4 Rdf8 36. Bd4 Nxd4 37. cxd4 Rc8 38. Qe3 Rc6 39. f4 Rg8 40. Nh6 Rg6
41. Nf5 Qh7 42. Nd6 gxf4 43. Qxf4 Qc7 44. Qe3 e5 45. dxe5 fxe5 46. Nxb7 Kxb7
47. h4 Qg7 48. Ra2 Qh6 49. Qxh6 Rxh6 50. g3 Rhg6 51. Kg2 e4 52. Rd2 a5 53. Rxd5
Rcf6 54. Re5 Re6 55. Rxe6 Rxe6 56. Kf2 Kc6 57. Ke3 a4 58. h5 Kd5 59. g4 Rh6 60.
Rb1 Kxc5 61. Kxe4 a3 62. Kd3 b4 63. Rc1+ Kb5 64. Rb1 Rd6+ 65. Kc2 Rc6+ 66. Kb3
Rc3+ 67. Ka2 Ka4 68. h6 Rc2+ 69. Ka1 b3 70. h7 Ra2# 0-1

[Event "VII Festival B"]
[Site "Amantea ITA"]
[Date "2009.09.02"]
[Round "3"]
[White "Furnari, Francesco"]
[Black "Ielapi, Vito"]
[Result "1-0"]
[WhiteElo "1832"]
[BlackElo "1887"]
[PlyCount "83"]
[EventDate "2009.08.31"]

1. d4 Nf6 2. c4 c6 3. Nc3 d5 4. e3 e6 5. Nf3 Nbd7 6. cxd5 exd5 7. Bd3 Bb4 8.
Qc2 O-O 9. O-O Re8 10. a3 Bxc3 11. bxc3 Ne4 12. c4 Ndf6 13. cxd5 cxd5 14. h3
Nd6 15. Bd2 Nfe4 16. Bb4 Nf5 17. Rac1 a5 18. Bd2 Nh4 19. Bxe4 dxe4 20. Nxh4
Qxh4 21. Qc7 h6 22. Kh2 Qh5 23. f3 Ra6 24. fxe4 Bxh3 25. gxh3 Ree6 26. Rf2 Rxe4
27. Qc8+ Kh7 28. Qf5+ Qg6 29. Qxg6+ fxg6 30. Rc7 Rb6 31. Kg3 Rb5 32. Rff7 h5
33. Rxg7+ Kh6 34. h4 Rg4+ 35. Kh3 g5 36. hxg5+ Rgxg5 37. e4 Rb3+ 38. Kh4 Rbg3
39. Bxg5+ Rxg5 40. Rxg5 b5 41. Rxb5 a4 42. Rb6# 1-0

[Event "VII Festival B"]
[Site "Amantea ITA"]
[Date "2009.09.02"]
[Round "3"]
[White "Mileo, Miguelito"]
[Black "Mancino, Roberta"]
[Result "1-0"]
[WhiteElo "1656"]
[BlackElo "1721"]
[PlyCount "83"]
[EventDate "2009.08.31"]

1. d4 d5 2. Bf4 Nf6 3. e3 Nbd7 4. Bd3 e6 5. Nd2 c5 6. c3 Be7 7. Ngf3 O-O 8. Ne5
c4 9. Bc2 Nxe5 10. dxe5 Nd7 11. Qh5 g6 12. Qh3 Bg5 13. Nf3 Bxf4 14. exf4 Re8
15. Ng5 Nf8 16. O-O-O f6 17. Ne4 fxe5 18. fxe5 Re7 19. Nf6+ Kh8 20. Rd4 Rf7 21.
Rh4 Qe7 22. Rh6 Rg7 23. Rd1 Bd7 24. Rd4 Be8 25. g4 b5 26. Qf3 a5 27. h4 Ra7 28.
Rf4 b4 29. Nxe8 Rf7 30. Nd6 Rxf4 31. Qxf4 Rc7 32. h5 g5 33. Qf3 Kg7 34. Rf6 Kg8
35. Rf7 Qd8 36. h6 Rd7 37. Rxd7 Qxd7 38. Qf6 Qc7 39. Qxg5+ Kh8 40. Qf6+ Kg8 41.
Ba4 Qa7 42. Be8 1-0

[Event "VII Festival B"]
[Site "Amantea ITA"]
[Date "2009.09.02"]
[Round "3"]
[White "Montalbano, Federico"]
[Black "Rametta, Marcello"]
[Result "1/2-1/2"]
[WhiteElo "1509"]
[BlackElo "1846"]
[PlyCount "151"]
[EventDate "2009.08.31"]

1. e4 c5 2. Nf3 Nc6 3. Bb5 e6 4. Bxc6 dxc6 5. O-O b6 6. c3 Bb7 7. d4 cxd4 8.
cxd4 Nf6 9. Nc3 Be7 10. Bg5 O-O 11. Rc1 h6 12. Bf4 Bb4 13. Re1 c5 14. Qd3 cxd4
15. Nxd4 Ng4 16. e5 Qh4 17. Qg3 Qxg3 18. Bxg3 Bc5 19. Nb3 h5 20. Nxc5 bxc5 21.
b3 g5 22. f3 Nh6 23. Na4 Rad8 24. Nxc5 Ba8 25. Red1 Nf5 26. Nd7 Ne3 27. Rd3 Kg7
28. Bf2 Nf5 29. Rcd1 Rh8 30. Bxa7 Bc6 31. a4 Ne7 32. Nf6 Nd5 33. Nxd5 Bxd5 34.
Be3 Kg6 35. b4 Ra8 36. a5 Rhb8 37. Bc5 Bc4 38. Rd6 Bb3 39. R1d3 Bc4 40. Rc3 Bd5
41. Rb6 Rc8 42. a6 Kf5 43. Bd4 Rd8 44. Ra3 Bc4 45. Rd6 Kf4 46. Kf2 Bb5 47. a7
Rdc8 48. Bc3 Rxa7 49. Rxa7 Rxc3 50. Rd2 Rc1 51. g3+ Kf5 52. Rxf7+ Kxe5 53. Ra7
Rb1 54. Rh7 Rxb4 55. Rxh5 Kf6 56. g4 Bc4 57. Rd8 Rb2+ 58. Kg3 Bf1 59. f4 gxf4+
60. Kxf4 e5+ 61. Ke3 Re2+ 62. Kf3 Ra2 63. Rf5+ Ke7 64. Rg8 Rxh2 65. Rxe5+ Kf7
66. Rgg5 Rh3+ 67. Kf4 Bg2 68. Re3 Rh1 69. Rf5+ Kg6 70. Re6+ Kg7 71. Ra5 Rb1 72.
Ra7+ Kf8 73. Rh6 Kg8 74. Rd6 Rb8 75. Rdd7 Rf8+ 76. Rf7 1/2-1/2

[Event "VII Festival B"]
[Site "Amantea ITA"]
[Date "2009.09.02"]
[Round "3"]
[White "Paragliola, Gennaro"]
[Black "Lodi, Paolo"]
[Result "1-0"]
[WhiteElo "1619"]
[BlackElo "1706"]
[PlyCount "113"]
[EventDate "2009.08.31"]

1. d4 f5 2. c4 e6 3. Nc3 Nf6 4. Bg5 Be7 5. Nf3 d5 6. e3 O-O 7. Bd3 c6 8. O-O h6
9. Bh4 Ne4 10. Bxe7 Qxe7 11. Ne5 Qf6 12. f4 Nxc3 13. bxc3 Nd7 14. Qh5 Nxe5 15.
fxe5 Qe7 16. Rf3 Qe8 17. Qh4 Kh7 18. Raf1 g5 19. Qg3 Bd7 20. h4 gxh4 21. Qxh4
Rg8 22. Rh3 Qg6 23. g3 Rg7 24. Kf2 Rag8 25. Rfh1 h5 26. Qxh5+ Qxh5 27. Rxh5+
Kg6 28. Rh6+ Kf7 29. Rh7 Rxh7 30. Rxh7+ Rg7 31. Rh8 Rg8 32. Rxg8 Kxg8 33. c5 b6
34. a4 bxc5 35. dxc5 a5 36. Kf3 Kg7 37. Kf4 Kh6 38. g4 fxg4 39. Kxg4 Be8 40.
Ba6 Bh5+ 41. Kf4 Bd1 42. Bc8 Bxa4 43. Bxe6 Bd1 44. Bf5 a4 45. Bb1 Bb3 46. Kf5
a3 47. Kf6 Bd1 48. Ba2 Bh5 49. Ke7 Kg7 50. e6 Be2 51. Kd8 Kf6 52. e7 Bh5 53.
e8=Q Bxe8 54. Kxe8 Ke6 55. Kd8 Ke5 56. Kc7 Ke4 57. Kxc6 1-0

[Event "VII Festival B"]
[Site "Amantea ITA"]
[Date "2009.09.02"]
[Round "3"]
[White "Rigoni, Vinicio"]
[Black "Tricomi, Massimo"]
[Result "0-1"]
[WhiteElo "1796"]
[BlackElo "1875"]
[PlyCount "63"]
[EventDate "2009.08.31"]

1. d4 d6 2. Nf3 g6 3. Bg5 Bg7 4. c3 Nd7 5. Nbd2 Ngf6 6. e4 O-O 7. Bd3 c6 8. Qc2
e5 9. Nc4 Qc7 10. O-O b5 11. Ne3 Bb7 12. d5 cxd5 13. Nxd5 Bxd5 14. exd5 a6 15.
Rad1 Rfe8 16. Rfe1 Nc5 17. Bxf6 Bxf6 18. h3 Rac8 19. Qd2 e4 20. Bxb5 axb5 21.
Nh2 Bg7 22. Ng4 f5 23. Nh6+ Bxh6 24. Qxh6 Nd3 25. Re2 Re5 26. g3 Rxd5 27. g4
Re5 28. gxf5 Rxf5 29. Rxe4 Nxf2 30. Rf1 Nxe4 31. Rxf5 gxf5 32. Qe6+ 0-1

[Event "VII Festival B"]
[Site "Amantea ITA"]
[Date "2009.09.02"]
[Round "3"]
[White "Russi, Roberto"]
[Black "Luvera', Filippo"]
[Result "1/2-1/2"]
[WhiteElo "1898"]
[BlackElo "1835"]
[PlyCount "50"]
[EventDate "2009.08.31"]

1. c4 c5 2. Nc3 Nf6 3. g3 g6 4. Bg2 Bg7 5. e4 d6 6. Nge2 Nc6 7. O-O O-O 8. Rb1
a6 9. a3 Rb8 10. b4 cxb4 11. axb4 Be6 12. Nd5 Ne5 13. d3 Nxd5 14. cxd5 Bd7 15.
Be3 Bb5 16. Nc1 Qc7 17. f4 Nd7 18. Ne2 Rbc8 19. Rc1 Qb8 20. Qd2 Nf6 21. Bh3 Bd7
22. Bxd7 Nxd7 23. Kg2 Rxc1 24. Rxc1 Rc8 25. h3 Rc7 1/2-1/2

[Event "VII Festival B"]
[Site "Amantea ITA"]
[Date "2009.09.02"]
[Round "3"]
[White "Sansosti, Simona"]
[Black "Fariselli, Umberto"]
[Result "1-0"]
[WhiteElo "1431"]
[BlackElo "1509"]
[PlyCount "141"]
[EventDate "2009.08.31"]

1. d4 Nf6 2. Nf3 e6 3. e3 c5 4. c3 Nc6 5. Bd3 g6 6. O-O Bg7 7. Nbd2 O-O 8. Qe2
a6 9. e4 Re8 10. Re1 cxd4 11. cxd4 d6 12. Nf1 Nd7 13. Be3 b5 14. Qd2 Bb7 15.
Rac1 Qa5 16. Qxa5 Nxa5 17. Rc7 Red8 18. Bd2 Nc6 19. Rxb7 Nxd4 20. Nxd4 Bxd4 21.
b3 Nc5 22. Rc7 Nxd3 23. Re2 Bc5 24. Be3 Bxe3 25. Rxe3 Ne5 26. h3 Nd7 27. Nd2
Nf6 28. Rf3 Kg7 29. g4 Rd7 30. Rxd7 Nxd7 31. Rd3 Rc8 32. Rxd6 Rc1+ 33. Nf1 Nf6
34. f3 Rc3 35. Kg2 Rc2+ 36. Rd2 Rc6 37. Kf2 h5 38. Ke3 Rc3+ 39. Rd3 Rc2 40. Rd2
Rc6 41. g5 Rc3+ 42. Rd3 Rxd3+ 43. Kxd3 Nd7 44. h4 Kf8 45. Kd4 Ke7 46. e5 Kd8
47. Nd2 Kc7 48. b4 Kc6 49. Ne4 Nb6 50. Nd6 Kd7 51. Nxf7 Nd5 52. a3 Ke7 53. Nd6
Nf4 54. Kc5 Ng2 55. Kb6 Nxh4 56. f4 Ng2 57. Kxa6 h4 58. Ne4 Nxf4 59. Nf2 Nd5
60. Kxb5 Kd7 61. a4 Nc3+ 62. Ka5 Kc7 63. b5 Kb7 64. Kb4 Nd5+ 65. Kc5 Nb6 66. a5
Na4+ 67. Kd6 Nc3 68. b6 Ne2 69. Kxe6 Nf4+ 70. Kf6 h3 71. e6 1-0

[Event "VII Festival B"]
[Site "Amantea ITA"]
[Date "2009.09.02"]
[Round "3"]
[White "Scalise, Sandro"]
[Black "Scerra, Ezio"]
[Result "1-0"]
[WhiteElo "1631"]
[BlackElo "1323"]
[PlyCount "77"]
[EventDate "2009.08.31"]

1. d4 g6 2. Nc3 Bg7 3. e4 d6 4. Be3 Nf6 5. Qd2 Na6 6. Bh6 O-O 7. Bxg7 Kxg7 8.
O-O-O c6 9. h3 Nc7 10. f4 d5 11. e5 Ne4 12. Nxe4 dxe4 13. g4 f6 14. Qg2 Qd5 15.
b3 b5 16. Ne2 e3 17. Qg1 b4 18. Bg2 Qd7 19. Qxe3 Nd5 20. Qd3 Nxf4 21. Nxf4 fxe5
22. dxe5 Qc7 23. Qg3 e6 24. Rd6 Rd8 25. Rxc6 Qa5 26. Rd6 Rxd6 27. exd6 Rb8 28.
Nd3 Qd8 29. Qe5+ Qf6 30. Rf1 Qxe5 31. Nxe5 Ba6 32. Rf7+ Kg8 33. d7 Bb5 34. Rf6
Rd8 35. Rxe6 Bxd7 36. Nxd7 Rxd7 37. Bc6 Rf7 38. Bd5 Rf1+ 39. Re1+ 1-0

[Event "VII Festival B"]
[Site "Amantea ITA"]
[Date "2009.09.02"]
[Round "3"]
[White "Zampaglione, Davide"]
[Black "Di Mauro, Dante"]
[Result "1/2-1/2"]
[WhiteElo "1620"]
[BlackElo "1715"]
[PlyCount "44"]
[EventDate "2009.08.31"]

1. d4 d5 2. Nf3 Nf6 3. e3 Bg4 4. Be2 c6 5. Nbd2 Nbd7 6. O-O e6 7. Re1 Bd6 8. c3
O-O 9. h3 Bh5 10. Qc2 Bg6 11. Bd3 Bxd3 12. Qxd3 Re8 13. e4 e5 14. dxe5 Nxe5 15.
Nxe5 Bxe5 16. Kf1 dxe4 17. Qxd8 Raxd8 18. Nxe4 Nxe4 19. Rxe4 Rd1+ 20. Ke2 Rdd8
21. Be3 f5 22. Rc4 f4 1/2-1/2

[Event "VII Festival B"]
[Site "Amantea ITA"]
[Date "2009.09.03"]
[Round "4"]
[White "Carbone, Stefano"]
[Black "Grudina, Marco"]
[Result "1/2-1/2"]
[WhiteElo "1695"]
[BlackElo "1882"]
[PlyCount "64"]
[EventDate "2009.08.31"]

1. e4 e5 2. Nf3 Nc6 3. Bb5 a6 4. Ba4 Nf6 5. O-O Nxe4 6. d4 b5 7. Bb3 d5 8. Nxe5
Nxe5 9. dxe5 Be6 10. c3 Bc5 11. Nd2 Bf5 12. Nxe4 Bxe4 13. Qg4 Qd7 14. Qg3 h5
15. h4 Qg4 16. Bf4 f6 17. exf6 gxf6 18. Kh2 c6 19. f3 Qxg3+ 20. Bxg3 Bf5 21. a4
Kd7 22. axb5 axb5 23. Rad1 Be6 24. Ra1 Rhe8 25. Bc2 Rg8 26. Rxa8 Rxa8 27. Bg6
Rh8 28. Bd3 Bd6 29. Bxd6 Kxd6 30. Ra1 Bd7 31. Kg3 Rg8+ 32. Kf2 Rg7 1/2-1/2

[Event "VII Festival B"]
[Site "Amantea ITA"]
[Date "2009.09.03"]
[Round "4"]
[White "Furnari, Francesco"]
[Black "Caporale, Giuseppe Guido"]
[Result "1-0"]
[WhiteElo "1832"]
[BlackElo "1824"]
[PlyCount "129"]
[EventDate "2009.08.31"]

1. e4 c5 2. Nf3 d6 3. d4 cxd4 4. Nxd4 Nf6 5. Nc3 a6 6. Bc4 e6 7. Bb3 b5 8. Qf3
Bb7 9. Bg5 Nbd7 10. O-O Qc7 11. Rfe1 h6 12. Bxf6 Nxf6 13. Rad1 O-O-O 14. Rd3
Qd7 15. Qd1 Be7 16. f3 Kb8 17. a4 b4 18. Na2 d5 19. exd5 Bxd5 20. Kh1 Bxb3 21.
Nxb3 Qxa4 22. Nac1 Rd7 23. Qe2 Rhd8 24. Rxd7 Rxd7 25. Nd3 Qb5 26. Ra1 Rd5 27.
Ra5 Qb6 28. Rxd5 Nxd5 29. Ne5 Ka7 30. Nxf7 Bf6 31. Ne5 Qe3 32. Nc6+ Kb6 33.
Qxe3+ Nxe3 34. Nxb4 Bxb2 35. Kg1 a5 36. Nd3 Bc3 37. Ndc5 e5 38. Na4+ Kb5 39.
Nxc3+ Kc4 40. Na4 Nxc2 41. Nxa5+ Kb5 42. Nb2 e4 43. Nac4 exf3 44. gxf3 Kc5 45.
Kf2 Kd4 46. Kg3 Kd5 47. Kg4 g6 48. Kf4 Nd4 49. Ne3+ Ke6 50. Nd3 Nc6 51. Ng4 g5+
52. Ke4 h5 53. Nge5 Ne7 54. Nc5+ Kf6 55. Ned7+ Kg6 56. Ne6 Ng8 57. Ke5 g4 58.
f4 h4 59. f5+ Kh5 60. f6 g3 61. f7 Ne7 62. hxg3 Ng6+ 63. Ke4 hxg3 64. Nf4+ Nxf4
65. Kxf4 1-0

[Event "VII Festival B"]
[Site "Amantea ITA"]
[Date "2009.09.03"]
[Round "4"]
[White "Ielapi, Vito"]
[Black "Scalise, Sandro"]
[Result "0-1"]
[WhiteElo "1887"]
[BlackElo "1631"]
[PlyCount "142"]
[EventDate "2009.08.31"]

1. e4 Nf6 2. Nc3 d5 3. e5 Ne4 4. d4 Nxc3 5. bxc3 c5 6. Nf3 Bg4 7. Be2 g6 8. O-O
Bg7 9. Be3 e6 10. Qd2 O-O 11. h3 Bxf3 12. Bxf3 Nd7 13. g3 Rc8 14. Be2 Qa5 15.
Bd3 a6 16. a4 cxd4 17. cxd4 Qxd2 18. Bxd2 f6 19. f4 Nb6 20. Rfb1 Nc4 21. Bb4
Rf7 22. Be1 fxe5 23. fxe5 Ne3 24. Bf2 Bh6 25. Ra2 Rcf8 26. c3 Rc8 27. Re2 Nc4
28. Kg2 Nd2 29. Rd1 Nc4 30. g4 Nb6 31. a5 Nc4 32. Ra1 Bd2 33. Bxc4 Bxc3 34.
Bxd5 exd5 35. Rc1 Rc4 36. e6 Re7 37. Bh4 Re8 38. e7 Bxd4 39. Rxc4 dxc4 40. Rd2
Bc5 41. Rd7 Kf7 42. Rxb7 c3 43. Rc7 Bb4 44. Bg5 Bxa5 45. Rc6 Bb4 46. Rxa6 Bxe7
47. Bxe7 Rxe7 48. Rc6 Re3 49. h4 Ke7 50. h5 Kd7 51. Rc4 Kd6 52. Kf2 Rh3 53.
hxg6 hxg6 54. Kg2 Rd3 55. Kf2 Kd5 56. Rc8 Ke4 57. Rc4+ Kd5 58. Rc8 Rh3 59. Kg2
Rd3 60. Kf2 Kd4 61. Rc7 Rd2+ 62. Ke1 Rg2 63. Ra7 Rg1+ 64. Kf2 c2 65. Rd7+ Ke5
66. Kxg1 c1=Q+ 67. Kh2 Qf4+ 68. Kh3 Ke6 69. Rd8 g5 70. Rc8 Kd7 71. Rg8 Qf3+ 0-1

[Event "VII Festival B"]
[Site "Amantea ITA"]
[Date "2009.09.03"]
[Round "4"]
[White "Lodi, Paolo"]
[Black "Battaglia, Domenica"]
[Result "0-1"]
[WhiteElo "1706"]
[BlackElo "1512"]
[PlyCount "92"]
[EventDate "2009.08.31"]

1. c4 e6 2. Nc3 Nf6 3. g3 b6 4. Bg2 c6 5. e4 d5 6. cxd5 cxd5 7. e5 Ng8 8. d4
Bb7 9. Nge2 Bb4 10. a3 Bxc3+ 11. Nxc3 Qc7 12. Nb5 Qd7 13. Nd6+ Kf8 14. Nxb7
Qxb7 15. Bd2 Nc6 16. O-O Nge7 17. Bc3 Ke8 18. Rc1 Rf8 19. Bh3 Qd7 20. Qh5 h6
21. Rc2 Nf5 22. Bxf5 exf5 23. f4 Kd8 24. Rfc1 f6 25. Bb4 Nxb4 26. Rc7 Qxc7 27.
Rxc7 Kxc7 28. axb4 fxe5 29. fxe5 f4 30. g4 Rad8 31. Qg6 Rd7 32. b5 Kd8 33. Qc6
Ke7 34. Qg6 Kd8 35. Qc6 Ke7 36. h4 f3 37. Kf2 Rf4 38. Qg6 Rxd4 39. Qxg7+ Kd8
40. Qxh6 Rxg4 41. e6 Rdg7 42. Qf6+ Ke8 43. h5 Rg2+ 44. Kxf3 R7g3+ 45. Kf4 Rf2+
46. Kxg3 Rxf6 0-1

[Event "VII Festival B"]
[Site "Amantea ITA"]
[Date "2009.09.03"]
[Round "4"]
[White "Luvera', Filippo"]
[Black "Mileo, Miguelito"]
[Result "1-0"]
[WhiteElo "1835"]
[BlackElo "1656"]
[PlyCount "79"]
[EventDate "2009.08.31"]

1. e4 c6 2. d4 d5 3. Nc3 dxe4 4. Nxe4 Nd7 5. Bc4 Ngf6 6. Ng5 e6 7. Qe2 Nb6 8.
Bb3 h6 9. N5f3 Bd6 10. Ne5 Qc7 11. Ngf3 a5 12. a4 Nbd5 13. O-O O-O 14. Re1 b6
15. c3 Bb7 16. Bc2 Ne7 17. Nc4 Nf5 18. Nxd6 Qxd6 19. Ne5 c5 20. dxc5 bxc5 21.
Rd1 Qb6 22. Rb1 Rad8 23. Bf4 Nd5 24. Bd2 Ba6 25. Bd3 Bxd3 26. Qxd3 Qb3 27. Qc4
Qb8 28. Nc6 Qa8 29. Nxd8 Rxd8 30. Qxc5 Nh4 31. f3 g5 32. Qf2 Kh7 33. c4 Nf6 34.
Bc3 Rxd1+ 35. Rxd1 Nh5 36. Qd4 Nf5 37. Qd8 Qa7+ 38. Bd4 Nxd4 39. Qxd4 Qb7 40.
Qe4+ 1-0

[Event "VII Festival B"]
[Site "Amantea ITA"]
[Date "2009.09.03"]
[Round "4"]
[White "Mancino, Roberta"]
[Black "Zampaglione, Davide"]
[Result "0-1"]
[WhiteElo "1721"]
[BlackElo "1620"]
[PlyCount "94"]
[EventDate "2009.08.31"]

1. c4 c6 2. g3 d5 3. cxd5 cxd5 4. Bg2 e6 5. Nf3 Nf6 6. O-O Bd6 7. Nc3 O-O 8. b3
Nbd7 9. Bb2 b6 10. Rc1 Ba6 11. Nd4 Rc8 12. Ncb5 Bxb5 13. Rxc8 Qxc8 14. Nxb5 Bb8
15. Qa1 Qb7 16. Rc1 Rc8 17. Nc3 a6 18. d3 Qa7 19. Na4 Rxc1+ 20. Qxc1 Qc7 21.
Nc3 d4 22. Nd1 Qxc1 23. Bxc1 Bd6 24. a3 a5 25. Bc6 Nc5 26. b4 axb4 27. a4 Nb3
28. Bb2 Na5 29. Bb5 Bc5 30. h3 Nd5 31. Kf1 Nc3 32. Ke1 Nxb5 33. axb5 Nb7 34. e3
e5 35. Ke2 Nd6 36. f4 f6 37. g4 Nxb5 38. exd4 exd4 39. Nf2 b3 40. Kd2 Ba3 41.
Kc1 Bd6 42. f5 Nc3 43. Bxc3 dxc3 44. d4 b5 45. Nd3 Ba3+ 46. Kd1 b4 47. d5 b2
0-1

[Event "VII Festival B"]
[Site "Amantea ITA"]
[Date "2009.09.03"]
[Round "4"]
[White "Montalbano, Federico"]
[Black "Rigoni, Vinicio"]
[Result "1/2-1/2"]
[WhiteElo "1509"]
[BlackElo "1796"]
[PlyCount "114"]
[EventDate "2009.08.31"]

1. e4 e5 2. Nf3 Nc6 3. Nc3 Bc5 4. Nxe5 Bxf2+ 5. Kxf2 Nxe5 6. d4 Ng6 7. Qf3 Qf6
8. Qxf6 Nxf6 9. Be2 d6 10. Rf1 Bg4 11. Bxg4 Nxg4+ 12. Kg1 c6 13. h3 Nf6 14. Bg5
Nd7 15. d5 f6 16. Be3 a6 17. dxc6 bxc6 18. Rad1 Ke7 19. Rd2 Nde5 20. b3 Rhe8
21. Rfd1 Nf7 22. Ne2 Kf8 23. Ng3 Kg8 24. Bf2 Re6 25. Nf5 Rxe4 26. Nxd6 Nxd6 27.
Rxd6 Ne7 28. Bc5 Kf7 29. Rd7 Re8 30. Ra7 Kg6 31. Bxe7 R8xe7 32. Rxa6 R7e6 33.
Ra5 h5 34. Rd2 Re1+ 35. Kf2 Ra1 36. Re2 Rd6 37. Ke3 Rc1 38. Rc5 Rg1 39. Kf2 Ra1
40. a4 f5 41. Ke3 h4 42. a5 Kf6 43. b4 g5 44. Rc3 Ra4 45. Rb3 g4 46. hxg4 fxg4
47. Rd2 Rxd2 48. Kxd2 Ke5 49. Rb1 Kf4 50. Rb3 Ra1 51. Ke2 Ra4 52. Kf2 Ke4 53.
Rc3 Rxb4 54. Rxc6 Ra4 55. Rc5 Kf4 56. Rb5 Rc4 57. Rb2 Ra4 1/2-1/2

[Event "VII Festival B"]
[Site "Amantea ITA"]
[Date "2009.09.03"]
[Round "4"]
[White "Rametta, Marcello"]
[Black "Cerasoli, Mauro"]
[Result "0-1"]
[WhiteElo "1846"]
[BlackElo "1711"]
[PlyCount "54"]
[EventDate "2009.08.31"]

1. e4 d6 2. d4 g6 3. g3 Bg7 4. c3 Nf6 5. Bg2 O-O 6. Qc2 c6 7. Nf3 Bg4 8. O-O
Bxf3 9. Bxf3 Nbd7 10. Nd2 Rc8 11. Nc4 b5 12. Ne3 e5 13. d5 cxd5 14. Nxd5 Nxd5
15. exd5 f5 16. a4 b4 17. c4 a5 18. Rb1 Nb6 19. b3 e4 20. Bxe4 fxe4 21. Qxe4
Qe8 22. Qg4 Nd7 23. Bf4 Ne5 24. Qd1 Qf7 25. Kg2 Qf5 26. Qd2 Nf7 27. Qe3 g5 0-1

[Event "VII Festival B"]
[Site "Amantea ITA"]
[Date "2009.09.03"]
[Round "4"]
[White "Rizzuti, Pasquale"]
[Black "Baschirotto, Marco"]
[Result "1-0"]
[WhiteElo "1826"]
[BlackElo "1869"]
[PlyCount "49"]
[EventDate "2009.08.31"]

1. Nf3 Nf6 2. c4 c5 3. Nc3 d6 4. b3 g6 5. Bb2 Bg7 6. d4 cxd4 7. Nxd4 O-O 8. e3
Nc6 9. Be2 a6 10. g4 Qa5 11. h4 Ne4 12. Rc1 Nxd4 13. exd4 f5 14. g5 b5 15. h5
Bb7 16. Rh2 d5 17. hxg6 hxg6 18. c5 e5 19. Kf1 exd4 20. Nxe4 dxe4 21. c6 Qc7
22. Rh6 Bxc6 23. Rxg6 Qh2 24. Rxg7+ Kxg7 25. Qxd4+ 1-0